| 000 | 00911nam a2200277 4500 | ||
|---|---|---|---|
| 003 | DO-SdBNP | ||
| 005 | 20240723110043.0 | ||
| 008 | 160622b 2001 sp| 00| 0 spa d | ||
| 020 | _a8466303987 | ||
| 040 |
_aBPMSU _bspa _cBPMSU |
||
| 082 |
_a863.3 _bQ5h 2001 _222 |
||
| 100 | 1 |
_aQuevedo, Francisco de _d1580-1645. |
|
| 245 | 1 | 0 |
_aHistoria de la vida del Buscón / _cFrancisco de Quevedo ; estudio y notas por Juan Luis Rodríguez Bravo. _b |
| 250 | _a | ||
| 260 |
_aBarcelona : _bEditorial Sopena, _c2001. |
||
| 300 |
_a318 p. ; _b20 cm. |
||
| 490 | 0 |
_aPunto de lectura _v300/7 |
|
| 500 | _a Edición anotada y comentada | ||
| 504 | _aIncluye referencias bibliográficas y notas al pie de las páginas | ||
| 590 | _6Inventariado, 2022/VM | ||
| 650 | 4 | _aNovela española | |
| 650 | 4 | _a Sátira española. | |
| 700 | 1 | _aRodríguez Bravo, Juan Luis | |
| 910 | _aVMateo V. /Validado | ||
| 942 |
_2ddc _cBK |
||
| 999 |
_c10504 _d10504 |
||